The ideas behind the chess openings / (Record no. 2)

MARC details
000 -LEADER
fixed length control field 00879pam a2200265 a 4500
001 - CONTROL NUMBER
control field 2470231
005 - DATE AND TIME OF LATEST TRANSACTION
control field 20200421093816.0
008 - FIXED-LENGTH DATA ELEMENTS--GENERAL INFORMATION
fixed length control field 900202s1990 nyua 001 0 eng
010 ## - LIBRARY OF CONGRESS CONTROL NUMBER
LC control number 90032101
020 ## - INTERNATIONAL STANDARD BOOK NUMBER
International Standard Book Number 0812917561 :
Terms of availability $9.95
040 ## - CATALOGING SOURCE
Original cataloging agency DLC
Transcribing agency DLC
Modifying agency DLC
050 00 - LIBRARY OF CONGRESS CALL NUMBER
Classification number GV1450
Item number .F53 1990
082 00 - DEWEY DECIMAL CLASSIFICATION NUMBER
Classification number 794.1/22
Edition information 20
100 1# - MAIN ENTRY--PERSONAL NAME
Personal name Fine, Reuben,
Dates associated with a name 1914-1993.
9 (RLIN) 387
245 14 - TITLE STATEMENT
Title The ideas behind the chess openings /
Statement of responsibility, etc. Reuben Fine.
250 ## - EDITION STATEMENT
Edition statement Algebraic ed., 1st ed.
260 ## - PUBLICATION, DISTRIBUTION, ETC.
Place of publication, distribution, etc. New York, NY :
Name of publisher, distributor, etc. D. McKay Co.,
Date of publication, distribution, etc. 1990.
300 ## - PHYSICAL DESCRIPTION
Extent x, 182 p. :
Other physical details ill. ;
Dimensions 20 cm.
500 ## - GENERAL NOTE
General note Includes index.
650 #0 - SUBJECT ADDED ENTRY--TOPICAL TERM
Topical term or geographic name entry element Chess
General subdivision Openings.
856 42 - ELECTRONIC LOCATION AND ACCESS
Materials specified Publisher description
Uniform Resource Identifier <a href="http://www.loc.gov/catdir/description/random048/90032101.html">http://www.loc.gov/catdir/description/random048/90032101.html</a>
906 ## - LOCAL DATA ELEMENT F, LDF (RLIN)
a 7
b cbc
c orignew
d 1
e ocip
f 19
g y-gencatlg
942 ## - ADDED ENTRY ELEMENTS (KOHA)
Source of classification or shelving scheme Dewey Decimal Classification
Koha item type Books

No items available.